Proceso contencioso entre Doña Mariana de la Peña viuda de Pedro Maldonado y madre del padre fray Gaspar Maldonado de la Orden de San Agustin y del padre Pedro Maldonado de la Compañía de Jesús y el convento de San Agustin de esta ciudad de Segovia por la demanda que se ha puesto ante la justicia

Detalles Bibliográficos
Otros Autores: Maríana de la Peña, Pedro Maldonado, Gaspar Maldonado
Formato: Libro
Publicado: Segovia, s.f.
Materias:
Colección:Banco de datos
Acervo:Biblioteca Palafoxiana. Colección de Manuscritos
Descripción Física:1 f. ; 21 x 30 cm.
Tema general:Civil
LEADER 00707nam a22001690004500
035 |a 1506 
245 1 0 |a Proceso contencioso entre Doña Mariana de la Peña viuda de Pedro Maldonado y madre del padre fray Gaspar Maldonado de la Orden de San Agustin y del padre Pedro Maldonado de la Compañía de Jesús y el convento de San Agustin de esta ciudad de Segovia por la demanda que se ha puesto ante la justicia  
260 |a Segovia, s.f. 
300 |a 1 f. ; 21 x 30 cm.  
650 1 0 |a Civil 
700 1 |a Maríana de la Peña 
700 1 |a Pedro Maldonado 
700 1 |a Gaspar Maldonado 
949 |a 32280/261 
942 |c PALAMANU 
943 |g Biblioteca Palafoxiana. Colección de Manuscritos 
999 |c 1069451  |d 1069451